=LDR 00000nam 2200000 4500 =001 INLIS000000000059773 =005 20211130023356 =035 ##$$a 0010-1121000510 =007 ta =008 211130###########################0#ind## =020 ##$$a tidak Teridentifikasi =082 ##$$a 301 =084 ##$$a 301 Soe k =245 1#$$a Konsep - konsep Dasar Dalam Sosiologi /$c Prof. Dr. Soerjono Soekanto, SH., MA =300 ##$$a 96 halaman ; $c 20 cm =650 #4$$a Sosiologi =264 ##$$a Jakarta :$b Rajawali,$c 1985 =336 ##$$a teks$2 rdacontent =337 ##$$a lain-lain$2 rdamedia =338 ##$$a lain-lain$2 rdacarrier =990 ##$$a 33283328 =990 ##$$a 33283328